000 00399nam a2200145 a 4500
005 20140414093836.0
008 090115s19uu xx uuu eng d
050 _aCDR 519.5
_bMUL 1995
245 _aMultimedia probability & statistics.
650 _aStatistics
_xInteractive videos.
650 _aProbabilities
_xInteractive videos.
650 _aMathematics.
942 _cAVM
999 _c109007
_d109007